| 000 | 00503nam a22002051a 4500 | ||
|---|---|---|---|
| 001 | 3516 | ||
| 003 | OSt | ||
| 005 | 20260204211853.0 | ||
| 008 | 041127s1992||||sp ||||||b||||||||||spa|| | ||
| 020 | _a923020806 | ||
| 050 | _a333.75153 H56e | ||
| 082 | _a333.75153 H56e | ||
| 100 | _aHilmi, H. A. | ||
| 245 | _aLa enseñanza técnica forestal: principios y ejecución / H. A Hilmi | ||
| 264 | _aEspaña : Fao | ||
| 300 | _a200 p | ||
| 650 | _a1.Forestación | ||
| 700 | _aD. SimÌ | ||
| 942 |
_2ddc _cBK |
||
| 999 |
_c3516 _d3516 |
||